<?xml version="1.0" encoding="UTF-8"?>
<record
    xmlns:xsi="http://www.w3.org/2001/XMLSchema-instance"
    xsi:schemaLocation="http://www.loc.gov/MARC21/slim http://www.loc.gov/standards/marcxml/schema/MARC21slim.xsd"
    xmlns="http://www.loc.gov/MARC21/slim">

  <leader>02273njm a2200421Ia 4500</leader>
  <controlfield tag="001">24652</controlfield>
  <controlfield tag="003">IT-RoPAU</controlfield>
  <controlfield tag="005">20220918181112.0</controlfield>
  <controlfield tag="008">131025s9999    xx            000 0 und d</controlfield>
  <datafield tag="040" ind1=" " ind2=" ">
    <subfield code="a">IT-RoPAU</subfield>
  </datafield>
  <datafield tag="040" ind1=" " ind2=" ">
    <subfield code="c">IT-RoPAU</subfield>
  </datafield>
  <datafield tag="999" ind1=" " ind2=" ">
    <subfield code="c">99060</subfield>
    <subfield code="d">99060</subfield>
  </datafield>
  <datafield tag="999" ind1=" " ind2=" ">
    <subfield code="b">n.d.</subfield>
  </datafield>
  <datafield tag="100" ind1=" " ind2=" ">
    <subfield code="a">AA.VV.</subfield>
    <subfield code="9">794</subfield>
  </datafield>
  <datafield tag="100" ind1=" " ind2=" ">
    <subfield code="e">Autore musica</subfield>
    <subfield code="9">11322</subfield>
  </datafield>
  <datafield tag="100" ind1=" " ind2=" ">
    <subfield code="g">Codice autore musica SPICS: 12000</subfield>
    <subfield code="9">796</subfield>
  </datafield>
  <datafield tag="245" ind1=" " ind2=" ">
    <subfield code="a">Classics Up To Date vol. 3</subfield>
  </datafield>
  <datafield tag="250" ind1=" " ind2=" ">
    <subfield code="a">1a ed.</subfield>
  </datafield>
  <datafield tag="260" ind1=" " ind2=" ">
    <subfield code="a">ITALIA</subfield>
  </datafield>
  <datafield tag="260" ind1=" " ind2=" ">
    <subfield code="b">POLYDOR</subfield>
    <subfield code="c">1975 [1a Ed.:1975]</subfield>
  </datafield>
  <datafield tag="300" ind1=" " ind2=" ">
    <subfield code="a">DISCO</subfield>
  </datafield>
  <datafield tag="300" ind1=" " ind2=" ">
    <subfield code="c">47 minuti (Testo:  pag.)</subfield>
  </datafield>
  <datafield tag="500" ind1=" " ind2=" ">
    <subfield code="a">Musica strumentale. Arrangiamento di celebri brani classici e strumentali</subfield>
  </datafield>
  <datafield tag="505" ind1=" " ind2=" ">
    <subfield code="a">Mattinata (4:00) - Fantasia improvviso op 66 (4:00) - Orientale (4:00) - Sorpresa (5:00) - Studio op 10 n 3 tristezza (5:00) - Musica per i fuochi d'artificio (6:00) - Sogno (5:00) - Sogno d'amore (3:00) - La canzone di Solveig (6:00) - Marcia slava (7:00) - Cavatina (4:00)</subfield>
  </datafield>
  <datafield tag="650" ind1=" " ind2=" ">
    <subfield code="a">ARRANGIAMENTO [DISCHI]</subfield>
    <subfield code="e">Codice MATERIA SPICS: 9950</subfield>
    <subfield code="9">11323</subfield>
  </datafield>
  <datafield tag="700" ind1=" " ind2=" ">
    <subfield code="a">Last James</subfield>
    <subfield code="e">Interprete</subfield>
    <subfield code="g">Codice interprete SPICS: 10976</subfield>
    <subfield code="9">11324</subfield>
  </datafield>
  <datafield tag="700" ind1=" " ind2=" ">
    <subfield code="a">Last James</subfield>
    <subfield code="g">Codice autore SPICS: 10976</subfield>
    <subfield code="e">Autore</subfield>
    <subfield code="9">9404</subfield>
  </datafield>
  <datafield tag="700" ind1=" " ind2=" ">
    <subfield code="a">Leoncavallo Ruggiero</subfield>
    <subfield code="g">Codice autore musica SPICS: 11470</subfield>
    <subfield code="e">Autore musica</subfield>
    <subfield code="p">Mattinata</subfield>
    <subfield code="9">11325</subfield>
  </datafield>
  <datafield tag="700" ind1=" " ind2=" ">
    <subfield code="a">Chopin Fryderyk</subfield>
    <subfield code="g">Codice autore musica SPICS: 8056</subfield>
    <subfield code="e">Autore musica</subfield>
    <subfield code="p">Fantasia improvviso op 66 - Studio op 10 n 3 tristezza</subfield>
    <subfield code="9">11326</subfield>
  </datafield>
  <datafield tag="700" ind1=" " ind2=" ">
    <subfield code="a">Cui Cesare</subfield>
    <subfield code="g">Codice autore musica SPICS: 15711</subfield>
    <subfield code="e">Autore musica</subfield>
    <subfield code="p">Orientale</subfield>
    <subfield code="9">11327</subfield>
  </datafield>
  <datafield tag="700" ind1=" " ind2=" ">
    <subfield code="a">Haydn Franz Joseph</subfield>
    <subfield code="g">Codice autore musica SPICS: 5572</subfield>
    <subfield code="e">Autore musica</subfield>
    <subfield code="p">Sorpresa</subfield>
    <subfield code="9">11328</subfield>
  </datafield>
  <datafield tag="700" ind1=" " ind2=" ">
    <subfield code="a">Handel Georg Friedrich</subfield>
    <subfield code="g">Codice autore musica SPICS: 5619</subfield>
    <subfield code="e">Autore musica</subfield>
    <subfield code="p">Musica per i fuochi d'artificio</subfield>
    <subfield code="9">11329</subfield>
  </datafield>
  <datafield tag="700" ind1=" " ind2=" ">
    <subfield code="a">Schumann Robert</subfield>
    <subfield code="g">Codice autore musica SPICS: 11150</subfield>
    <subfield code="e">Autore musica</subfield>
    <subfield code="p">Sogno</subfield>
    <subfield code="9">11330</subfield>
  </datafield>
  <datafield tag="700" ind1=" " ind2=" ">
    <subfield code="a">Liszt Franz</subfield>
    <subfield code="g">Codice autore musica SPICS: 10789</subfield>
    <subfield code="e">Autore musica</subfield>
    <subfield code="p">Sogno d'amore</subfield>
    <subfield code="9">11331</subfield>
  </datafield>
  <datafield tag="700" ind1=" " ind2=" ">
    <subfield code="a">Grieg Edward</subfield>
    <subfield code="g">Codice autore musica SPICS: 10671</subfield>
    <subfield code="e">Autore musica</subfield>
    <subfield code="p">La canzone di Solveig</subfield>
    <subfield code="9">11332</subfield>
  </datafield>
  <datafield tag="700" ind1=" " ind2=" ">
    <subfield code="a">Cajkovskij Petr Llijch</subfield>
    <subfield code="g">Codice autore musica SPICS: 10808</subfield>
    <subfield code="e">Autore musica</subfield>
    <subfield code="p">Marcia slava</subfield>
    <subfield code="9">11333</subfield>
  </datafield>
  <datafield tag="700" ind1=" " ind2=" ">
    <subfield code="a">Raff Joachim</subfield>
    <subfield code="g">Codice autore musica SPICS: 15712</subfield>
    <subfield code="e">Autore musica</subfield>
    <subfield code="p">Cavatina</subfield>
    <subfield code="9">11334</subfield>
  </datafield>
  <datafield tag="942" ind1=" " ind2=" ">
    <subfield code="c">MD</subfield>
    <subfield code="2">ddc</subfield>
  </datafield>
  <datafield tag="952" ind1=" " ind2=" ">
    <subfield code="0">0</subfield>
    <subfield code="1">0</subfield>
    <subfield code="4">0</subfield>
    <subfield code="6">24652_000000000000000</subfield>
    <subfield code="7">1</subfield>
    <subfield code="a">SPICS</subfield>
    <subfield code="b">SPICS</subfield>
    <subfield code="d">2013-10-25</subfield>
    <subfield code="l">0</subfield>
    <subfield code="o">24652</subfield>
    <subfield code="r">2013-10-25 00:00:00</subfield>
    <subfield code="w">2013-10-25</subfield>
    <subfield code="y">MD</subfield>
    <subfield code="z">Progr. Ins.: 5347 / N.Vol.: 1 / Copie: 1 - Copia rara: n.d. / date import: 01.01.2014 - By Epidotti, Trombetti, Vaglietti</subfield>
  </datafield>
</record>
